Statistics for Spanish Translations of Song Titles #5

Click here to take the quiz!

General Stats

  • This quiz has been taken 249 times
    (248 since last reset)
  • The average score is 14 of 28

Answer Stats

HintAnswer% Correct
ViernesFriday
80%
Aquí Viene el SolHere Comes the Sun
77%
Rock de FiestaParty Rock
76%
¿Quién Soltó a los Perros?Who Let the Dogs Out?
69%
¿Por Qué no Podemos Ser Amigos?Why Can't We Be Friends?
69%
Mil Novecientos Noventa y Nueve1999
67%
Mil Novecientos Ochenta y Cinco1985
67%
Siempre Te AmaréI Will Always Love You
67%
Aviones de PapelPaper Planes
66%
Algunas NochesSome Nights
65%
Despiértame Cuando Termine SeptiembreWake Me Up When September Ends
63%
Sueño AdolescenteTeenage Dream
58%
Levanta Tu VasoRaise Your Glass
54%
No Hay EscuelaSchool's Out
53%
Quiero LocaI Want Crazy
52%
EspejosMirrors
46%
Cómo AmarHow to Love
45%
Camina de Esta ManeraWalk This Way
45%
Sólo un SueñoJust a Dream
42%
Secretito SucioDirty Little Secret
40%
Corazones EstéreosStereo Hearts
39%
Oye Hermana del AlmaHey Soul Sister
36%
Tal Como EresJust the Way You Are
19%
José de los Ojos de AlgodónCotton-Eyed Joe
18%
Alguien Me Está VigilandoSomebody's Watching Me
14%
Antes de que Él EngañeBefore He Cheats
13%
AureolaHalo
11%
Paraíso Cerca de la Luz del TableroParadise by the Dashboard Light
6%

Score Distribution

Percentile by Number Answered

Percent of People with Each Score

Your Score History

You have not taken this quiz since the last reset